Statystyki dla Kraje leżące na Saharze

Kliknij tutaj aby rozwiązać quiz!

Ogólne statystyki

  • Ten quiz został rozwiązany 139 razy
    (101 od ostatniego zresetowania)
  • Średni wynik to 9 z 10

Statystyki odpowiedzi

państwo% Poprawnych
5Egipt
96%
2Algieria
93%
1Maroko
91%
3Tunezja
88%
10Czad
87%
4Libia
87%
6Sudan
86%
9Niger
81%
8Mali
79%
7Mauretania
71%

Rozkład punktacji

Percentyl według liczby udzielonych odpowiedzi

Procent ludzi z każdym wynikiem

Twoja historia wyników

Nie rozwiązałeś tego quizu od ostatniego zresetowania